[Event "7. Lichtenberger Sommer"]
[Site "Berlin"]
[Date "2008.08.20"]
[Round "5.1"]
[White "Rabiega, Robert"]
[Black "Figura, Atila Gajo"]
[Result "1/2-1/2"]
[WhiteElo "2552"]
[BlackElo "2407"]
[PlyCount "23"]
[EventDate "2008.??.??"]
[WhiteTeam "SK König Tegel 1949 e.V."]
[BlackTeam "SC Kreuzberg e.V."]

1. e4 e5 2. Nf3 Nc6 3. Bb5 a6 4. Ba4 Nf6 5. d3 b5 6. Bb3 Be7 7. O-O d6 8. a4 b4
9. h3 O-O 10. Nbd2 Be6 11. Bxe6 fxe6 12. Nc4 1/2-1/2

[Event "7. Lichtenberger Sommer"]
[Site "Berlin"]
[Date "2008.08.20"]
[Round "5.2"]
[White "Richter, Michael"]
[Black "Meister, Jakob"]
[Result "1-0"]
[WhiteElo "2422"]
[BlackElo "2487"]
[PlyCount "97"]
[EventDate "2008.??.??"]
[WhiteTeam "SC Kreuzberg e.V."]
[BlackTeam "SK Zehlendorf e.V."]

1. d4 d5 2. c4 e6 3. Nc3 c6 4. e4 dxe4 5. Nxe4 Bb4+ 6. Bd2 Qxd4 7. Bxb4 Qxe4+
8. Ne2 Na6 9. Bf8 Qe5 10. Qd2 Qf6 11. Ba3 Ne7 12. O-O-O O-O 13. Qd8 Qh6+ 14. f4
Ng6 15. Bxf8 Nxf8 16. Qe8 g5 17. g3 f6 18. Rd8 Nc7 19. Qe7 Na6 20. Rxc8 Rxc8
21. Qxb7 Rd8 22. Qxa6 gxf4 23. gxf4 Ng6 24. Rg1 Kh8 25. Qa5 Rd7 26. Qb4 Rd8 27.
Kc2 Qxh2 28. Qc3 Qh4 29. Rg4 Qxg4 30. Qxf6+ Kg8 31. Qxd8+ Kg7 32. Qd7+ Kf6 33.
Qd4+ Kf5 34. Qd3+ Kf6 35. Bh3 Qh5 36. Qd4+ e5 37. fxe5+ Qxe5 38. Qxe5+ Kxe5 39.
Kc3 c5 40. Nc1 Ne7 41. Nd3+ Kd6 42. b4 cxb4+ 43. Kxb4 Nc6+ 44. Kb5 Kc7 45. Nb4
Nd4+ 46. Ka6 Ne2 47. Kxa7 Nf4 48. Bg4 h5 49. Na6+ 1-0

[Event "7. Lichtenberger Sommer"]
[Site "Berlin"]
[Date "2008.08.20"]
[Round "5.3"]
[White "Krämer, Martin"]
[Black "Wendt, Jan-Dietrich"]
[Result "1/2-1/2"]
[WhiteElo "2456"]
[BlackElo "2372"]
[PlyCount "42"]
[EventDate "2008.??.??"]
[WhiteTeam "Sfrd. Berlin 1903 e.V."]
[BlackTeam "Sfrd. Berlin 1903 e.V."]

1. d4 Nf6 2. c4 c5 3. Nf3 cxd4 4. Nxd4 e5 5. Nb5 d5 6. cxd5 Bc5 7. N5c3 O-O 8.
h3 e4 9. g4 Qe7 10. Bg2 e3 11. Bxe3 Bxe3 12. fxe3 Qxe3 13. Qd3 Qc1+ 14. Kf2
Qxb2 15. Nd2 Qb6+ 16. Qe3 Qd8 17. Qd4 Nc6 18. Qf4 Ne7 19. Qd4 Nc6 20. Qf4 Ne7
21. Qd4 Nc6 1/2-1/2

[Event "7. Lichtenberger Sommer"]
[Site "Berlin"]
[Date "2008.08.20"]
[Round "5.4"]
[White "Struk, Jerzy"]
[Black "Niehaus, Frank"]
[Result "1/2-1/2"]
[WhiteElo "2164"]
[BlackElo "2185"]
[PlyCount "45"]
[EventDate "2008.??.??"]
[BlackTeam "Sfrd. Berlin 1903 e.V."]

1. e4 c5 2. c3 Nf6 3. e5 Nd5 4. Nf3 Nc6 5. d4 cxd4 6. Bc4 Nb6 7. Bb3 d6 8. exd6
Qxd6 9. O-O e6 10. cxd4 Be7 11. Nc3 O-O 12. a3 Rd8 13. Be3 Nd5 14. Ne4 Qc7 15.
Rc1 Qa5 16. Qe2 Nf6 17. Nc3 Qh5 18. h3 b6 19. Rfd1 Bb7 20. Ne5 Qxe2 21. Nxe2
Na5 22. Ba2 Rac8 23. Nf4 1/2-1/2

[Event "7. Lichtenberger Sommer"]
[Site "Berlin"]
[Date "2008.08.20"]
[Round "5.5"]
[White "Kapp, Martin"]
[Black "Kalinitschew, Sergey"]
[Result "0-1"]
[WhiteElo "2072"]
[BlackElo "2456"]
[PlyCount "72"]
[EventDate "2008.??.??"]
[WhiteTeam "TSV IFA Chemnitz"]
[BlackTeam "SC Kreuzberg e.V."]

1. d4 Nf6 2. c4 c5 3. d5 e6 4. Nc3 exd5 5. cxd5 Bd6 6. Nf3 O-O 7. g3 Bc7 8. Bg2
d6 9. O-O a6 10. Bg5 Nbd7 11. e4 Re8 12. Re1 b5 13. Qc2 h6 14. Bxf6 Qxf6 15. a4
b4 16. Nd1 b3 17. Qc3 Qxc3 18. Nxc3 Ba5 19. Nd2 Rb8 20. Nc4 Bc7 21. f4 Rb4 22.
Bf1 Nb6 23. Na5 Nxa4 24. Nc6 Nxc3 25. Nxb4 cxb4 26. bxc3 b2 27. Rad1 bxc3 28.
Bd3 a5 29. Bc2 Bd7 30. e5 dxe5 31. d6 Bb6+ 32. Kg2 a4 33. Rxe5 Rxe5 34. fxe5 a3
35. e6 fxe6 36. Bb3 c2 0-1

[Event "7. Lichtenberger Sommer"]
[Site "Berlin"]
[Date "2008.08.20"]
[Round "5.6"]
[White "Thinius, Marco"]
[Black "Meißner, Hans-Jürgen"]
[Result "1/2-1/2"]
[WhiteElo "2387"]
[BlackElo "2212"]
[PlyCount "23"]
[EventDate "2008.??.??"]
[WhiteTeam "Sfrd. Berlin 1903 e.V."]
[BlackTeam "SV Empor Berlin e.V."]

1. d4 Nf6 2. c4 e6 3. g3 Bb4+ 4. Bd2 Bxd2+ 5. Qxd2 d6 6. Nf3 b6 7. Bg2 Bb7 8.
O-O Nbd7 9. Nc3 O-O 10. Qc2 Qe7 11. e4 Rfb8 12. Rae1 1/2-1/2

[Event "7. Lichtenberger Sommer"]
[Site "Berlin"]
[Date "2008.08.20"]
[Round "5.7"]
[White "Kiesekamp, Marcos"]
[Black "Von Herman, Ulf"]
[Result "1/2-1/2"]
[WhiteElo "2316"]
[BlackElo "2374"]
[PlyCount "35"]
[EventDate "2008.??.??"]
[WhiteTeam "TuS Makkabi Berlin e.V."]
[BlackTeam "SK König Tegel 1949 e.V."]

1. e4 c6 2. d4 d5 3. Nc3 dxe4 4. Nxe4 Bf5 5. Ng3 Bg6 6. h4 h6 7. Nf3 Nd7 8. h5
Bh7 9. Bd3 Bxd3 10. Qxd3 e6 11. Bf4 Qa5+ 12. Bd2 Bb4 13. c3 Be7 14. Ne4 Ngf6
15. Nxf6+ Nxf6 16. Ne5 Rd8 17. Qg3 Rg8 18. Qf3 1/2-1/2

[Event "7. Lichtenberger Sommer"]
[Site "Berlin"]
[Date "2008.08.20"]
[Round "5.8"]
[White "Muse, Drazen"]
[Black "Buttkus, Andre"]
[Result "1-0"]
[WhiteElo "2369"]
[BlackElo "2050"]
[PlyCount "51"]
[EventDate "2008.??.??"]
[WhiteTeam "SK König Tegel 1949 e.V."]
[BlackTeam "SK Tempelhof 1931 e.V."]

1. d4 d5 2. Nf3 Nf6 3. c4 e6 4. Nc3 c6 5. g3 Be7 6. Bg2 O-O 7. O-O Nbd7 8. Qb3
b6 9. Bf4 Bb7 10. cxd5 exd5 11. Rad1 Nh5 12. Bc1 Nhf6 13. Rfe1 Qc7 14. Qc2 Rfe8
15. Bf4 Qd8 16. Qb3 Rf8 17. Ne5 Nh5 18. Be3 Nxe5 19. dxe5 g6 20. f4 Qe8 21. Bf2
Rd8 22. e4 d4 23. Rxd4 Rxd4 24. Bxd4 Kh8 25. e6+ f6 26. f5 1-0

[Event "7. Lichtenberger Sommer"]
[Site "Berlin"]
[Date "2008.08.20"]
[Round "5.9"]
[White "Wasem, Ralph"]
[Black "Bruchmann, Stephan"]
[Result "1/2-1/2"]
[WhiteElo "2100"]
[BlackElo "2292"]
[PlyCount "56"]
[EventDate "2008.??.??"]
[WhiteTeam "SK Landau"]
[BlackTeam "Sfrd. Berlin 1903 e.V."]

1. e4 c6 2. d4 d5 3. Nc3 dxe4 4. Nxe4 Bf5 5. Ng3 Bg6 6. Nf3 Nd7 7. h4 h6 8. h5
Bh7 9. Bd3 Bxd3 10. Qxd3 e6 11. Bd2 Ngf6 12. c4 Be7 13. O-O-O O-O 14. Bc3 Qc7
15. Ne5 Rad8 16. Qe2 b5 17. Qf3 Rc8 18. b3 bxc4 19. bxc4 c5 20. Nxd7 Qxd7 21.
d5 Qa4 22. d6 Bd8 23. Qe2 Rb8 24. Bd2 Ba5 25. Bxa5 Qxa5 26. Qd3 Rb6 27. Rh4 Qa4
28. Rd2 Rfb8 1/2-1/2

[Event "7. Lichtenberger Sommer"]
[Site "Berlin"]
[Date "2008.08.20"]
[Round "5.11"]
[White "Hahlbohm, Matthias"]
[Black "Brüdigam, Martin"]
[Result "0-1"]
[WhiteElo "2085"]
[BlackElo "2218"]
[PlyCount "84"]
[EventDate "2008.??.??"]
[WhiteTeam "TSG Oberschöneweide e.V."]
[BlackTeam "USV Potsdam e.V., Abt. Schach"]

1. e4 c5 2. Nf3 e6 3. c3 d5 4. e5 Nc6 5. d4 Qb6 6. a3 Bd7 7. b4 cxd4 8. cxd4
Rc8 9. Be3 f6 10. Bd3 f5 11. O-O Nh6 12. Bxh6 gxh6 13. Be2 Rg8 14. Qd2 Rg4 15.
Rd1 Bg7 16. h3 Rxd4 17. Nxd4 Qxd4 18. Qxd4 Nxd4 19. Bh5+ Kd8 20. f4 Nc2 21. Ra2
Ne3 22. Re1 Nc4 23. Rc1 a5 24. Nd2 Bf8 25. Nxc4 axb4 26. axb4 Bxb4 27. Rac2
Bc5+ 28. Kh2 dxc4 29. Rxc4 b6 30. Bf3 Ke7 31. g3 Rc7 32. R4c2 Ra7 33. Rb1 Ra3
34. Bg2 Ba4 35. Rcc1 Rd3 36. Ra1 Rd4 37. h4 Kf7 38. Kh3 Kg6 39. Bf3 h5 40. Rc3
Bb5 41. Ra8 Rd2 42. Bg2 Rxg2 0-1

[Event "7. Lichtenberger Sommer"]
[Site "Berlin"]
[Date "2008.08.20"]
[Round "5.12"]
[White "Rohde, Wolfgang"]
[Black "Bukowski, Henryk"]
[Result "0-1"]
[WhiteElo "2198"]
[BlackElo "2175"]
[PlyCount "92"]
[EventDate "2008.??.??"]
[WhiteTeam "SC Friesen Lichtenberg e.V."]
[BlackTeam "BSC Rehberge 1945 e.V."]

1. c4 Nf6 2. Nf3 e6 3. Nc3 c5 4. g3 Nc6 5. d4 cxd4 6. Nxd4 d6 7. Bg2 Nxd4 8.
Qxd4 Be7 9. O-O O-O 10. b3 a6 11. Bb2 Qc7 12. Rfd1 Rb8 13. Rac1 Rd8 14. Na4 b6
15. e4 Bd7 16. Nc3 Bc6 17. Nd5 Qb7 18. Nxe7+ Qxe7 19. Ba3 Ne8 20. e5 Bxg2 21.
Kxg2 dxe5 22. Qxd8 Qxd8 23. Rxd8 Rxd8 24. c5 b5 25. Bb4 f6 26. Ba5 Rc8 27. b4
Kf7 28. Rd1 Ke7 29. Bb6 f5 30. Ba5 g5 31. h3 h6 32. Kf3 e4+ 33. Ke3 h5 34. g4
fxg4 35. hxg4 h4 36. c6 Nd6 37. a4 bxa4 38. Rc1 h3 39. c7 h2 40. Kd4 Rh8 41.
Rh1 Kd7 42. Kc5 Nb7+ 43. Kb6 Kc8 44. Kxa6 a3 45. b5 Nxa5 46. Kxa5 Kxc7 0-1

[Event "7. Lichtenberger Sommer"]
[Site "Berlin"]
[Date "2008.08.20"]
[Round "5.13"]
[White "Gebigke, Martin"]
[Black "Maahs, Erich"]
[Result "1/2-1/2"]
[WhiteElo "2151"]
[BlackElo "2157"]
[PlyCount "116"]
[EventDate "2008.??.??"]
[WhiteTeam "SV Berolina Mitte e.V."]
[BlackTeam "SC Concordia SAbt Palame"]

1. d4 d5 2. Nf3 e6 3. g3 c5 4. Bg2 Nc6 5. O-O Nf6 6. c4 Bd7 7. cxd5 exd5 8. Nc3
cxd4 9. Nxd4 Bb4 10. Nxd5 Nxd5 11. Bxd5 Qf6 12. Nxc6 Bxc6 13. Bxc6+ Qxc6 14.
Qd4 Bf8 15. Bf4 Rd8 16. Qe3+ Be7 17. Rac1 Qe6 18. Qxa7 O-O 19. Qxb7 Bf6 20. a4
g5 21. Bc7 Rd2 22. b4 Rxe2 23. Rc6 Qe4 24. Rb6 Be7 25. Qxe4 Rxe4 26. Rb1 Rc8
27. Rb7 Bxb4 28. R1xb4 Rxb4 29. Rxb4 Rxc7 30. Rb1 Rc5 31. Ra1 Ra5 32. Kf1 Kf8
33. Ke2 Ke7 34. Kd3 Kd6 35. Kc4 Kc6 36. Kb4 Kb6 37. Ra3 Rf5 38. a5+ Ka6 39. f3
h5 40. Kc4 f6 41. Kd4 Rb5 42. Ra2 h4 43. gxh4 Rb4+ 44. Kd5 Rxh4 45. Ke6 Rf4 46.
Ra3 Kb7 47. a6+ Ka7 48. h3 Kb8 49. a7+ Ka8 50. Kf7 f5 51. Kg6 g4 52. fxg4 fxg4
53. h4 g3 54. Kg5 g2 55. Rg3 Rf8 56. Kh6 Rh8+ 57. Kg7 Rxh4 58. Rxg2 Kxa7
1/2-1/2

[Event "7. Lichtenberger Sommer"]
[Site "Berlin"]
[Date "2008.08.20"]
[Round "5.14"]
[White "Koch, Friedrich"]
[Black "Rietze, Clemens"]
[Result "0-1"]
[WhiteElo "2063"]
[BlackElo "2128"]
[PlyCount "60"]
[EventDate "2008.??.??"]
[WhiteTeam "SV Empor Berlin e.V."]
[BlackTeam "ESV Lok Falkenberg e.V."]

1. e4 e5 2. Nf3 Nc6 3. Bc4 Nf6 4. d3 Be7 5. O-O O-O 6. c3 d6 7. Nbd2 a6 8. Bb3
Re8 9. Ng5 Rf8 10. Nc4 b5 11. Ne3 Na5 12. Bc2 c5 13. f4 exf4 14. Rxf4 Nc6 15.
Nf5 Bxf5 16. Rxf5 g6 17. Rf1 d5 18. exd5 Nxd5 19. Nf3 Bf6 20. Bh6 Re8 21. Qd2
b4 22. d4 bxc3 23. bxc3 Qa5 24. Bb3 Nxc3 25. Ne5 Nxe5 26. dxe5 c4 27. Bxc4 Qxe5
28. Rxf6 Qc5+ 29. Qf2 Qxc4 30. Rf4 Ne2+ 0-1

[Event "7. Lichtenberger Sommer"]
[Site "Berlin"]
[Date "2008.08.20"]
[Round "5.15"]
[White "Werner, Michael"]
[Black "Kollberg, Lothar"]
[Result "1-0"]
[WhiteElo "2106"]
[BlackElo "2253"]
[PlyCount "73"]
[EventDate "2008.??.??"]
[WhiteTeam "Schachgesellschaft Benrath 1924"]
[BlackTeam "SC Rotation Pankow e.V."]

1. d4 Nf6 2. c4 g6 3. Nc3 Bg7 4. e4 d6 5. f3 O-O 6. Be3 b6 7. Bd3 Bb7 8. Nge2
c5 9. d5 e6 10. O-O exd5 11. cxd5 Ba6 12. Bxa6 Nxa6 13. Rb1 Re8 14. a3 Nd7 15.
Qd3 Nc7 16. f4 a5 17. Ng3 h5 18. e5 dxe5 19. f5 e4 20. Qd1 h4 21. Nge2 gxf5 22.
Rxf5 Re5 23. Bg5 Qe8 24. Rxe5 Bxe5 25. Bxh4 Nf6 26. Ng3 Bd4+ 27. Kh1 Ncxd5 28.
Nxd5 Nxd5 29. Qg4+ Kf8 30. Bg5 Qe6 31. Nf5 Ke8 32. Re1 e3 33. Bxe3 Nxe3 34.
Rxe3 Bxe3 35. Ng7+ Ke7 36. Nxe6 fxe6 37. Qg7+ 1-0

[Event "7. Lichtenberger Sommer"]
[Site "Berlin"]
[Date "2008.08.20"]
[Round "5.16"]
[White "Novkovic, Julia"]
[Black "Kornrumpf, Joachim"]
[Result "1/2-1/2"]
[WhiteElo "2128"]
[BlackElo "2121"]
[PlyCount "93"]
[EventDate "2008.??.??"]
[WhiteTeam "Dornbirn"]
[BlackTeam "Preetzer TSV"]

1. e4 c5 2. Nf3 a6 3. c3 d6 4. Be2 Nf6 5. O-O Nc6 6. d4 cxd4 7. cxd4 e6 8. Nc3
Be7 9. d5 exd5 10. exd5 Ne5 11. Nd4 O-O 12. f4 Ng6 13. g3 Re8 14. Re1 Bf8 15.
Bf3 Rxe1+ 16. Qxe1 Bg4 17. Bg2 Qb6 18. Qf2 Re8 19. h3 Bc8 20. Be3 Qd8 21. a4
Ne7 22. g4 Qa5 23. Qd2 h5 24. g5 Nd7 25. Rb1 Qc7 26. Rc1 Qa5 27. Rb1 Qc7 28.
Nce2 Nb6 29. Rc1 Qd8 30. Qd3 Nxa4 31. Bd2 Nc5 32. Qc2 Nf5 33. b4 Nxd4 34. Nxd4
Nd7 35. g6 Qf6 36. gxf7+ Qxf7 37. Ne6 Nb6 38. Ng5 Bf5 39. Qd1 Qg6 40. Rc7 Nd7
41. Bc3 Nf6 42. Bxf6 gxf6 43. Bf3 Re7 44. Bxh5 Qg7 45. Bf7+ Rxf7 46. Rxf7 Qg6
47. Rxf6 1/2-1/2

[Event "7. Lichtenberger Sommer"]
[Site "Berlin"]
[Date "2008.08.20"]
[Round "5.17"]
[White "Amelang, Thomas"]
[Black "Newrkla, Katharina"]
[Result "1/2-1/2"]
[WhiteElo "2176"]
[BlackElo "2049"]
[PlyCount "87"]
[EventDate "2008.??.??"]
[WhiteTeam "SK Siemens München"]
[BlackTeam "Austria  Wien"]

1. e4 c5 2. Nc3 e6 3. g3 d5 4. d3 d4 5. Nce2 e5 6. f4 Nc6 7. Nf3 Bd6 8. Bg2 f6
9. O-O Nge7 10. fxe5 Bxe5 11. Nf4 O-O 12. c4 dxc3 13. bxc3 Kh8 14. Nxe5 fxe5
15. Nd5 Rxf1+ 16. Qxf1 Be6 17. Bg5 Qd6 18. Qf3 b5 19. h4 Bg8 20. h5 h6 21. Be3
Rd8 22. Qf2 Nxd5 23. Bxc5 Qd7 24. exd5 Bxd5 25. Bxd5 Qxd5 26. Rd1 a5 27. Bb6
Re8 28. Qg2 e4 29. Rd2 Qxh5 30. dxe4 Ne5 31. Rd5 Nf3+ 32. Kf2 Ne5 33. Kg1 Qf7
34. Qf2 Qg6 35. Rd8 Rxd8 36. Bxd8 Qxe4 37. Bxa5 Qb1+ 38. Kg2 Qe4+ 39. Kg1 Ng4
40. Qf4 Qb1+ 41. Qf1 Qxa2 42. Qf8+ Kh7 43. Qf5+ Kh8 44. Qf8+ 1/2-1/2

[Event "7. Lichtenberger Sommer"]
[Site "Berlin"]
[Date "2008.08.20"]
[Round "5.18"]
[White "Hünerfauth, Uwe"]
[Black "Zschäbitz, Klaus"]
[Result "0-1"]
[WhiteElo "2089"]
[BlackElo "2103"]
[PlyCount "178"]
[EventDate "2008.??.??"]
[WhiteTeam "SK Landau"]
[BlackTeam "BSG 1827 Eckbauer e.V."]

1. f4 d5 2. Nf3 g6 3. g3 Bg7 4. Bg2 Nc6 5. O-O Bg4 6. h3 Bxf3 7. exf3 e6 8. d3
Nge7 9. Nc3 Nf5 10. Kh2 h5 11. Ne2 Qd6 12. h4 O-O-O 13. c3 d4 14. c4 Ne3 15.
Qa4 Nxf1+ 16. Bxf1 Qb4 17. Qd1 e5 18. a3 Qd6 19. b4 exf4 20. Nxf4 Be5 21. c5
Qf6 22. Nh3 Qe7 23. f4 Bg7 24. Bd2 Nb8 25. Qa4 a6 26. Ng5 f5 27. b5 axb5 28.
Qxb5 c6 29. Qb3 Rd5 30. Re1 Qd7 31. Bb4 Re8 32. Qd1 Na6 33. Bg2 Rxe1 34. Qxe1
Rxc5 35. Bxc5 Nxc5 36. Qa5 Na6 37. Qb6 Bf8 38. Qb3 Nc5 39. Qg8 Qg7 40. Qc4 Kb8
41. a4 Qd7 42. Qg8 Qg7 43. Qc4 Na6 44. Ne6 Qf7 45. Nxd4 Qxc4 46. dxc4 Nc5 47.
Nxc6+ bxc6 48. Bxc6 Ne6 49. Be8 Kb7 50. Bxg6 Ng7 51. Kg2 Kb6 52. Kf3 Ka5 53.
Bxh5 Nxh5 54. g4 Nf6 55. gxf5 Kxa4 56. h5 Kb4 57. Kg3 Kxc4 58. Kh4 Bh6 59. Kg3
Kd4 60. Kf3 Kd3 61. Kf2 Ke4 62. Ke2 Kxf5 63. Ke3 Bxf4+ 64. Kd4 Nxh5 65. Kd5 Be5
66. Kc4 Ke4 67. Kc5 Bd4+ 68. Kc4 Nf4 69. Kb5 Kd5 70. Kb4 Be3 71. Kc3 Kc5 72.
Kb3 Bd2 73. Kc2 Be1 74. Kb3 Kd4 75. Kc2 Kc4 76. Kd1 Ba5 77. Kc2 Ne2 78. Kd1 Nd4
79. Kc1 Kd3 80. Kd1 Bb4 81. Kc1 Ke2 82. Kb2 Kd2 83. Kb1 Ne2 84. Kb2 Nc1 85. Kb1
Ba3 86. Ka1 Kc3 87. Kb1 Kb3 88. Ka1 Na2 89. Kb1 Nc3+ 0-1

[Event "7. Lichtenberger Sommer"]
[Site "Berlin"]
[Date "2008.08.20"]
[Round "5.19"]
[White "Dimitrijeski, Kristian"]
[Black "Kühnemund, Lutz"]
[Result "1-0"]
[WhiteElo "2167"]
[BlackElo "1920"]
[PlyCount "67"]
[EventDate "2008.??.??"]
[WhiteTeam "Sfrd. Berlin 1903 e.V."]
[BlackTeam "SC Friesen Lichtenberg e.V."]

1. d4 Nf6 2. c4 g6 3. Nc3 d5 4. cxd5 Nxd5 5. e4 Nxc3 6. bxc3 c5 7. Bb5+ Bd7 8.
Bc4 Bg7 9. Ne2 Nc6 10. O-O O-O 11. Rb1 Na5 12. Bd5 e6 13. Bb3 cxd4 14. cxd4
Nxb3 15. Qxb3 Bc6 16. Qe3 b6 17. Ba3 Re8 18. Rbc1 Bb7 19. Rfd1 Rc8 20. Rxc8
Qxc8 21. Rc1 Qd7 22. Qd3 Rd8 23. Bb2 Qa4 24. Rc7 Bxe4 25. Qd2 Bd5 26. h4 Qxa2
27. Nc3 Qa5 28. h5 Ba8 29. h6 Bf6 30. d5 Qb4 31. Qe2 Bxd5 32. Qd2 a5 33. Nxd5
Qxb2 34. Ne7+ 1-0

[Event "7. Lichtenberger Sommer"]
[Site "Berlin"]
[Date "2008.08.20"]
[Round "5.20"]
[White "Gschwendtner, Klaus"]
[Black "Merz, Rüdiger"]
[Result "1-0"]
[WhiteElo "2078"]
[BlackElo "1904"]
[PlyCount "51"]
[EventDate "2008.??.??"]
[WhiteTeam "SC Starnberg"]
[BlackTeam "SK Zehlendorf e.V."]

1. e4 c5 2. Nf3 d6 3. c3 Nf6 4. Be2 Nc6 5. d3 g6 6. O-O Bg7 7. d4 O-O 8. d5 Ne5
9. Nxe5 dxe5 10. Qc2 e6 11. c4 exd5 12. cxd5 Qc7 13. Be3 Bd7 14. Nd2 Rfc8 15.
a4 a5 16. Nc4 Ne8 17. f4 f6 18. fxe5 fxe5 19. Qb3 Nd6 20. Nb6 Kh8 21. Nxa8 Rxa8
22. Qc2 b6 23. Bg5 Ne8 24. b3 h6 25. Be7 Bxa4 26. d6 1-0

[Event "7. Lichtenberger Sommer"]
[Site "Berlin"]
[Date "2008.08.20"]
[Round "5.21"]
[White "Oswald, Michael"]
[Black "Skibbe, Willi"]
[Result "1-0"]
[WhiteElo "2123"]
[BlackElo "2183"]
[PlyCount "95"]
[EventDate "2008.??.??"]
[WhiteTeam "1. Schachclub Anhalt"]
[BlackTeam "SV 1861 Liebschwitz"]

1. d4 d5 2. c4 c6 3. Nf3 Nf6 4. Nc3 a6 5. a4 e6 6. Bg5 Nbd7 7. cxd5 exd5 8. e3
a5 9. Bd3 Be7 10. O-O O-O 11. Qc2 h6 12. Bf4 Re8 13. Rfe1 Bb4 14. Re2 Nb6 15.
Ne5 Be6 16. Rc1 Nfd7 17. e4 Nxe5 18. Bxe5 f6 19. exd5 Nxd5 20. Bg3 Qb6 21. Qd1
Bf7 22. Ne4 f5 23. Nc5 f4 24. Bh4 g5 25. Rxe8+ Rxe8 26. Qg4 Bxc5 27. Bxg5 hxg5
28. Qxg5+ Kf8 29. Qh6+ Ke7 30. dxc5 Qd8 31. Re1+ Ne3 32. Qh7 Rh8 33. Qe4+ Kf8
34. fxe3 Qh4 35. exf4 Qxh2+ 36. Kf1 Qh1+ 37. Ke2 Qh5+ 38. Kd2 Qxc5 39. f5 Rg8
40. g4 Rh8 41. Qf4 Rh4 42. Qb8+ Kg7 43. f6+ Kh6 44. Qh8+ Kg5 45. Qg7+ Kf4 46.
Qxf7 Rh2+ 47. Kd1 Rxb2 48. Qc4+ 1-0

[Event "7. Lichtenberger Sommer"]
[Site "Berlin"]
[Date "2008.08.20"]
[Round "5.22"]
[White "Petersen, Soren Boeck"]
[Black "Grassi, Fabrizio"]
[Result "1-0"]
[WhiteElo "2242"]
[BlackElo "1960"]
[PlyCount "73"]
[EventDate "2008.??.??"]
[WhiteTeam "Vanlose Skakklub"]
[BlackTeam "SV Berlin-Friedrichstadt"]

1. e4 d5 2. exd5 Nf6 3. Nf3 Nxd5 4. d4 Bg4 5. h3 Bh5 6. c4 Nb6 7. Nc3 e5 8. g4
exd4 9. Nxd4 Bg6 10. Bg2 c6 11. Qe2+ Be7 12. Be3 O-O 13. Rd1 Qc7 14. O-O Bf6
15. f4 Bxd4 16. Bxd4 f6 17. b3 Re8 18. Qf2 N8d7 19. h4 Rad8 20. h5 Bf7 21. h6
a6 22. Ne4 c5 23. Nxc5 Nxc5 24. Bxc5 Rxd1 25. Rxd1 Nd7 26. Bd6 Qc8 27. hxg7 b6
28. g5 fxg5 29. fxg5 Ne5 30. Rf1 Qd7 31. Qxb6 Ng4 32. Qd4 Ne3 33. Rf6 Nxg2 34.
Kxg2 Qb7+ 35. Kf2 Qh1 36. Rxf7 Qe1+ 37. Kg2 1-0

[Event "7. Lichtenberger Sommer"]
[Site "Berlin"]
[Date "2008.08.20"]
[Round "5.23"]
[White "Keusch, Horst"]
[Black "Reichenbach, Werner"]
[Result "1/2-1/2"]
[WhiteElo "1925"]
[BlackElo "2305"]
[PlyCount "89"]
[EventDate "2008.??.??"]
[WhiteTeam "SC Friesen Lichtenberg e.V."]
[BlackTeam "Schachclub Schwante"]

1. f4 Nf6 2. Nf3 d5 3. e3 g6 4. b3 Bg7 5. Bb2 O-O 6. Be2 c5 7. O-O Nc6 8. Ne5
Qc7 9. Nxc6 Qxc6 10. Be5 Nd7 11. Bxg7 Kxg7 12. Bf3 Qd6 13. Nc3 Nf6 14. Qe2 Bd7
15. Rad1 Rac8 16. d3 e5 17. e4 d4 18. fxe5 Qxe5 19. Nb1 b5 20. Nd2 Be6 21. Ra1
Bd7 22. a4 a6 23. axb5 axb5 24. Ra7 Be6 25. Rfa1 Nd7 26. Bg4 Rc7 27. R1a5 Rxa7
28. Rxa7 Qd6 29. Bxe6 Qxe6 30. Nf3 Rd8 31. Ng5 Qb6 32. Ra1 h6 33. Nf3 Nf6 34.
Nd2 Re8 35. Qf3 Qd6 36. Ra5 Qb6 37. Ra1 Nd7 38. Qf4 Re6 39. Nf3 Rf6 40. Qg3 Re6
41. h3 Nf8 42. Ra8 Nd7 43. Ra1 Rf6 44. Ra8 Qb7 45. Ra1 1/2-1/2

[Event "7. Lichtenberger Sommer"]
[Site "Berlin"]
[Date "2008.08.20"]
[Round "5.24"]
[White "Schatz, Dieter"]
[Black "Kurzweil, Thomas"]
[Result "1-0"]
[WhiteElo "2216"]
[BlackElo "1985"]
[PlyCount "49"]
[EventDate "2008.??.??"]
[WhiteTeam "SK Landau"]
[BlackTeam "Spgem Kötz/Ichenhausen"]

1. e4 e5 2. Bc4 Nc6 3. Nf3 Be7 4. d3 d6 5. Nc3 Bg4 6. Be3 Nf6 7. h3 Bh5 8. g4
Bg6 9. a3 a6 10. Nh4 Nxg4 11. Nxg6 Nxe3 12. Qf3 Nxc2+ 13. Kf1 N6d4 14. Bxf7+
Kd7 15. Qg4+ Kc6 16. Nxh8 Qxh8 17. Kg2 Nxa1 18. Rxa1 Qf8 19. Nd5 Bd8 20. Rc1+
Kb5 21. Qd7+ Nc6 22. a4+ Kxa4 23. Rxc6 bxc6 24. Qxc6+ Kb3 25. Qc3+ 1-0

[Event "7. Lichtenberger Sommer"]
[Site "Berlin"]
[Date "2008.08.20"]
[Round "5.25"]
[White "Schnitzer, Peter"]
[Black "Tiemer, Klaus"]
[Result "0-1"]
[WhiteElo "2176"]
[BlackElo "1906"]
[PlyCount "81"]
[EventDate "2008.??.??"]
[WhiteTeam "SC Kreuzberg e.V."]
[BlackTeam "TSG Oberschöneweide e.V."]

1. e4 Nf6 2. Nc3 d5 3. e5 d4 4. Nce2 Ng4 5. Nf3 Nc6 6. h3 Ngxe5 7. Nexd4 Nxd4
8. Nxe5 Bf5 9. d3 Qd5 10. Nc4 Bg6 11. Bf4 O-O-O 12. Qd2 f6 13. Ne3 Qc6 14.
O-O-O e5 15. Bg3 Bf7 16. Kb1 Qa4 17. b3 Qa3 18. f4 Nb5 19. Rc1 e4 20. Be1 Bc5
21. Nd1 Rhe8 22. Qa5 Qxa5 23. Bxa5 e3 24. Be2 Nd4 25. Re1 Bd5 26. Bc3 Nb5 27.
g3 Nxc3+ 28. Nxc3 Bb4 29. Kb2 f5 30. a3 Bxc3+ 31. Kxc3 c5 32. h4 b5 33. b4
cxb4+ 34. Kxb4 a6 35. a4 bxa4 36. Kxa4 Kc7 37. c4 Bc6+ 38. Kb4 a5+ 39. Kc5 a4
40. Ra1 Ra8 41. Reb1 0-1

[Event "7. Lichtenberger Sommer"]
[Site "Berlin"]
[Date "2008.08.20"]
[Round "5.26"]
[White "Kapr, Klaus"]
[Black "Gohlke, Herbert"]
[Result "0-1"]
[WhiteElo "2059"]
[BlackElo "2089"]
[PlyCount "76"]
[EventDate "2008.??.??"]
[WhiteTeam "SC Friesen Lichtenberg e.V."]
[BlackTeam "SG Lok Brandenburg, Abt. Schach"]

1. e4 Nc6 2. Nf3 e5 3. Bb5 d6 4. c3 a6 5. Ba4 Be7 6. O-O Nf6 7. Re1 b5 8. Bb3
Be6 9. d4 Bxb3 10. Qxb3 O-O 11. Bg5 Nd7 12. Be3 Na5 13. Qc2 Nc4 14. Bc1 c5 15.
b3 Ncb6 16. d5 c4 17. Ba3 Qc7 18. Nbd2 Rac8 19. Bb4 g6 20. bxc4 Nxc4 21. Nxc4
Qxc4 22. Qb2 f5 23. a4 fxe4 24. Nd2 Qxd5 25. Nxe4 Rc4 26. Qa2 Qf7 27. axb5 axb5
28. Rad1 Nc5 29. Nxd6 Bxd6 30. Rxd6 Ne4 31. Rd3 Rfc8 32. Rf3 Nf6 33. Rxe5 Rxb4
34. Qc2 Qb3 35. Qd2 Re4 36. Rxe4 Nxe4 37. Qe1 Rxc3 38. Rf4 Qc4 0-1

[Event "7. Lichtenberger Sommer"]
[Site "Berlin"]
[Date "2008.08.20"]
[Round "5.27"]
[White "Carrasco, Paul"]
[Black "Jaeger, Andre"]
[Result "1-0"]
[WhiteElo "2041"]
[BlackElo "2019"]
[PlyCount "69"]
[EventDate "2008.??.??"]
[BlackTeam "SC Rochade e.V."]

1. Nf3 Nf6 2. b3 d5 3. Bb2 Bg4 4. d4 Bxf3 5. exf3 e6 6. Bd3 Bd6 7. O-O Nbd7 8.
Re1 c6 9. Nd2 Nh5 10. g3 Qg5 11. Nf1 O-O-O 12. Bc1 Qf6 13. f4 g6 14. Be3 Ng7
15. Nd2 h5 16. h4 Nf5 17. Nf3 Nh6 18. c4 Qg7 19. Rc1 f6 20. Qd2 Kb8 21. b4 e5
22. fxe5 fxe5 23. cxd5 cxd5 24. dxe5 Be7 25. Bd4 Qf8 26. Ng5 Bxb4 27. Bc3 Bxc3
28. Qxc3 Ng4 29. f4 Rc8 30. Qxc8+ Qxc8 31. Rxc8+ Rxc8 32. e6 Ndf6 33. Bxg6 Rc3
34. e7 Rxg3+ 35. Kf1 1-0